The Psychology of Health ,illness and Medical Care: (Record no. 6576)

MARC details
000 -LEADER
fixed length control field 00579nam a22001937a 4500
003 - CONTROL NUMBER IDENTIFIER
control field OSt
005 - DATE AND TIME OF LATEST TRANSACTION
control field 20200204130025.0
008 - FIXED-LENGTH DATA ELEMENTS--GENERAL INFORMATION
fixed length control field 200204b ||||| |||| 00| 0 eng d
020 ## - INTERNATIONAL STANDARD BOOK NUMBER
International Standard Book Number 0534150489
040 ## - CATALOGING SOURCE
Transcribing agency DDC
082 ## - DEWEY DECIMAL CLASSIFICATION NUMBER
Classification number 150 MAT 1990.
100 ## - MAIN ENTRY--PERSONAL NAME
Personal name DiMatteo,Robin.M;
9 (RLIN) 13519
245 ## - TITLE STATEMENT
Title The Psychology of Health ,illness and Medical Care:
Remainder of title an Individual Perspective.
260 ## - PUBLICATION, DISTRIBUTION, ETC. (IMPRINT)
Place of publication, distribution, etc. Califonia;
Name of publisher, distributor, etc. Brooks/Cole Publishing Company.
Date of publication, distribution, etc. 1990.
300 ## - PHYSICAL DESCRIPTION
Extent xix,438p;
Other physical details ill,
Dimensions 23cm.
504 ## - BIBLIOGRAPHY, ETC. NOTE
Bibliography, etc includes index and references.
650 ## - SUBJECT ADDED ENTRY--TOPICAL TERM
Topical term or geographic name as entry element psychology.
9 (RLIN) 31
942 ## - ADDED ENTRY ELEMENTS (KOHA)
Source of classification or shelving scheme Dewey Decimal Classification
Koha item type Open Shelf
Holdings
Withdrawn status Lost status Source of classification or shelving scheme Damaged status Not for loan Home library Current library Date acquired Source of acquisition Inventory number Total Checkouts Full call number Barcode Date last seen Price effective from Koha item type
    Dewey Decimal Classification     MUST Main Library MUST Main Library 04/02/2020 Purchase 2001/15952   150 MAT 1990. 2020-0317 04/02/2020 04/02/2020 Open Shelf
    Dewey Decimal Classification     MUST Main Library MUST Main Library 04/02/2020 Purchase 2000/14662   150 MAT 1990. 2020-0318 04/02/2020 04/02/2020 Open Shelf
    Dewey Decimal Classification     MUST Main Library MUST Main Library 04/02/2020 Purchase 02/17299   150 MAT 1990. 2020-0319 04/02/2020 04/02/2020 Open Shelf
    Dewey Decimal Classification     MUST Main Library MUST Main Library 07/02/2020 Purchase 02/17297   150 MAT 1990. 2020-0436 07/02/2020 07/02/2020 Open Shelf
    Dewey Decimal Classification     MUST Main Library MUST Main Library 14/02/2020 Purchase 02/17298   150 MAT 1990. 2020-0485 14/02/2020 14/02/2020 Open Shelf